Statistics for Most Populated California Cities By Letter

Click here to take the quiz!

General Stats

  • This quiz has been taken 70 times
  • The average score is 11 of 23

Answer Stats

Letter Population City % Correct
L3,928,864Los Angeles
93%
S1,381,069San Diego
90%
B368,759Bakersfield
84%
A346,997Anaheim
84%
F515,986Fresno
83%
O413,775Oakland
71%
R319,504Riverside
64%
I248,531Irvine
59%
M209,286Modesto
53%
C260,988Chula Vista
50%
G200,167Glendale
47%
H200,809Huntington Beach
41%
U73,732Upland
31%
V129,281Visalia
31%
D114,172Downey
31%
T148,495Torrance
29%
E163,553Elk Grove
26%
P158,279Palmdale
26%
W108,455West Covina
24%
Y64,925Yuba City
22%
N107,096Norwalk
21%
J98,842Jurupa Valley
17%
K13,544Kerman
12%

Score Distribution

Percentile by Number Answered

Percent of People with Each Score

Your Score History

You have not taken this quiz